Education and Society. (Record no. 2770)

MARC details
000 -LEADER
fixed length control field 00531nam a22001937a 4500
003 - CONTROL NUMBER IDENTIFIER
control field OSt
005 - DATE AND TIME OF LATEST TRANSACTION
control field 20151130192021.0
008 - FIXED-LENGTH DATA ELEMENTS--GENERAL INFORMATION
fixed length control field 151130b xxu||||| |||| 00| 0 eng d
020 ## - INTERNATIONAL STANDARD BOOK NUMBER
International Standard Book Number 0415177545
040 ## - CATALOGING SOURCE
Transcribing agency DDC.
082 ## - DEWEY DECIMAL CLASSIFICATION NUMBER
Classification number 370 OTT1953.
100 ## - MAIN ENTRY--PERSONAL NAME
Personal name OTTAWAY.A.C.
9 (RLIN) 6431
245 ## - TITLE STATEMENT
Title Education and Society.
Remainder of title An Introduction to the Socialogy of Education.
260 ## - PUBLICATION, DISTRIBUTION, ETC. (IMPRINT)
Place of publication, distribution, etc. London.
Name of publisher, distributor, etc. Routledge.
Date of publication, distribution, etc. 1953
300 ## - PHYSICAL DESCRIPTION
Extent xii,128p;
Other physical details ill:
Dimensions 23cm.
504 ## - BIBLIOGRAPHY, ETC. NOTE
Bibliography, etc Bibliography and Index.
650 ## - SUBJECT ADDED ENTRY--TOPICAL TERM
Topical term or geographic name as entry element Education.
9 (RLIN) 1404
942 ## - ADDED ENTRY ELEMENTS (KOHA)
Source of classification or shelving scheme Dewey Decimal Classification
Koha item type Short Loan
Holdings
Withdrawn status Lost status Source of classification or shelving scheme Damaged status Not for loan Home library Current library Date acquired Source of acquisition Inventory number Total Checkouts Full call number Barcode Date last seen Price effective from Koha item type
    Dewey Decimal Classification     MUST Main Library MUST Main Library 30/11/2015   Purchase.   370 OTT1953. 2015-2877 30/11/2015 30/11/2015 Short Loan
    Dewey Decimal Classification     MUST Main Library MUST Main Library 30/11/2015   2001/16039   370 OTT1953. 2015-2878 30/11/2015 30/11/2015 Short Loan
    Dewey Decimal Classification     MUST Main Library MUST Main Library 23/01/2020 Purchase 2005/23441   370 OTT1953. 2020-0097 23/01/2020 23/01/2020 Open Shelf
    Dewey Decimal Classification     MUST Main Library MUST Main Library 05/02/2020 Purchase 2005/23440   370 OTT1953. 2020-0354 05/02/2020 05/02/2020 Open Shelf